00937cam a22002413a 450000100060000000300060000600500170001200800410002904000150007004200070008505000070009210000400009924502780013926000290041750600300044651600200047665300300049665300320052665300320055865300340059083000290062485600420065317592PGUSA20140828083356.0060124s2006||||xxu|||||s|||||000 | eng d aPGUSAbeng adc 4aDT1 aEnglish, George Bethune,d1787-182812aA Narrative of the Expedition to Dongola and Sennaar :bUnder the Command of His Excellence Ismael Pasha, undertaken by Order of His Highness Mehemmed Ali Pasha, Viceroy of Egypt, By An American In The Service Of The Viceroyh[electronic resource] /cGeorge Bethune English bProject Gutenberg,c2006 aPublic domain in the USA. aElectronic text aSennar (Sudan) -- History aSudan -- History -- To 1821 aDunqulah (Sudan) -- History aSudan -- History -- 1821-1881 0aProject Gutenbergv1759240uhttp://www.gutenberg.org/ebooks/17592